5 pays par production de ces fruits - Statistiques

Statistiques générales
  • Ce quiz a été pris 100 fois
  • Le résultat moyen est 14 sur 24
Statistiques - réponses
Céréale Pays % Correct
Banane, Noix de Coco Brésil
92%
Pêche Espagne
92%
Cerise Etats-Unis
87%
Vanille Mexique
82%
Dattes Algérie
81%
Banane, Kiwi, Vanille, Pêche Chine
80%
Abricot, Kiwi, Pêche Italie
80%
Banane, Noix de Coco Inde
75%
Abricot, Cerise, Pêche Turquie
71%
Vanille Madagascar
70%
Dattes Egypte
67%
Kiwi Nouvelle-Zélande
65%
Cerise Chili
58%
Kiwi, Pêche Grèce
58%
Banane, Vanille, Noix de Coco Indonésie
58%
Noix de Coco Vietnam
53%
Abricot, Cerise, Dattes, Kiwi Iran
51%
Dattes Pakistan
46%
Dattes Arabie Saoudite
43%
Noix de Coco Philippines
37%
Banane Equateur
30%
Vanille Papouasie Nouvelle-Guinée
15%
Abricot, Cerise Ouzbékistan
8%
Abricot Tadjikistan
6%
Aucun quiz correspondant
Distribution des résultats
% des personnes avec chaque résultat
Percentile par nombre de réponses
Votre historique - résultats
Vous n’avez pas pris ce quiz